000 00532nam a22001932 4500
001 0000001905
005 20170406113819.0
008 140205s xx 000 0 eng d
020 _c$
040 _aYour Holding Symbol
_cYour Holding Symbol
100 1 _aBeckwith,P.Burnham.
245 1 4 _aThe economic theory of a socialist economy.
250 _a ed.
260 _alondon :
_bStanford university press,
_c1949.
300 _a444 p. ;
_c cm.
504 _aindex.
650 0 _aeconomics.
908 _a140205
999 _c1815
_d1815